Engineering economics (Record no. 180492)

MARC details
000 -LEADER
fixed length control field 00443nam a2200181Ia 4500
008 - FIXED-LENGTH DATA ELEMENTS--GENERAL INFORMATION
fixed length control field 231217s9999 xx 000 0 und d
020 ## - INTERNATIONAL STANDARD BOOK NUMBER
International Standard Book Number 9800000000000
041 ## - LANGUAGE CODE
Language code of text/sound track or separate title English
082 ## - DEWEY DECIMAL CLASSIFICATION NUMBER
Classification number 658.15 HEG;1 R
100 ## - MAIN ENTRY--PERSONAL NAME
Personal name Hegde, R K
245 #0 - TITLE STATEMENT
Title Engineering economics
250 ## - EDITION STATEMENT
Edition statement 2nd ed.
260 ## - PUBLICATION, DISTRIBUTION, ETC.
Date of publication, distribution, etc. 2007
Name of publisher, distributor, etc. Sapna
Place of publication, distribution, etc. Bangalore
300 ## - PHYSICAL DESCRIPTION
Extent vi+344+28(tables)
500 ## - GENERAL NOTE
General note Content page available
650 ## - SUBJECT ADDED ENTRY--TOPICAL TERM
Topical term or geographic name entry element economics
942 ## - ADDED ENTRY ELEMENTS (KOHA)
Koha item type Books
Holdings
Date last seen Total checkouts Full call number Accession number Uniform resource identifier Cost, total (INR) price Price effective from Category Public note Lost status Damaged status Department Withdrawn status Home library Current library Shelving location Entry date Vendor Cost, normal purchase price Grants Billnumber Billdate Currency symbol Conversion rate Discount Old discount
26/01/2024   658.15 HEG;1 R 48873 digital/contents/48874.pdf 159.90 26/01/2024 Books SC-ST (1452) Discrete compounding interest factor tables     Central Library   Central Library Central Library SC-ST 02/04/2008 Sapna Book House 195.00 SC-ST 47601 20/03/2009 RS 1 35.1 18
26/01/2024   658.15 HEG;2 R1 48874 digital/contents/48874.pdf 159.90 26/01/2024 Books SC-ST (1453) Discrete compounding interest factor tables     Central Library   Central Library Central Library SC-ST 02/04/2008 Sapna Book House 195.00 SC-ST 47601 20/03/2009 RS 1 35.1 18

© For any Suggestions or Query, please contact the library staff @ librarian@pes.edu or Phone: +9180 2672 1983/ 2108.